Zvyšovanie produktivity práce manažérov

Najdôležitejšie veci, ktorým by sa mal venovať vrcholový manažér. Kroky a fázy riadenia v danom čase. Delegovanie pracovných úloh na spolupracovníkov. Vzájomná dôvera a koučing. Stratégia vybudovania výkonnej firmy. Rovnováha medzi prácou a osobným životom.

Saved in:
Bibliographic Details
Main Author: Košturiak, Ján
Format: Book Chapter
Language:Slovak
Subjects:
Tags: Add Tag
No Tags, Be the first to tag this record!

MARC

LEADER 00000naa$a2200000$$$4500
001 0115944
005 20230912094511.1
041 0 |a slo 
044 |a SK 
245 1 0 |a Zvyšovanie produktivity práce manažérov  |c Ján Košturiak 
520 |a Najdôležitejšie veci, ktorým by sa mal venovať vrcholový manažér. Kroky a fázy riadenia v danom čase. Delegovanie pracovných úloh na spolupracovníkov. Vzájomná dôvera a koučing. Stratégia vybudovania výkonnej firmy. Rovnováha medzi prácou a osobným životom. 
610 2 0 |a manažéri 
610 2 0 |a riadenie podnikové 
610 2 0 |a riadenie strategické 
610 2 0 |a koučovanie 
610 2 0 |a organizácia času 
610 2 0 |a delegovanie právomoci 
610 2 0 |a procesy podnikové 
610 2 0 |a zodpovednosť spoločenská 
100 1 |a Košturiak, Ján